00342nam a2200133Ia 4500003000400000005001700004008004100021040001800062041000800080100005700088110002100145245002200166260002000188OSt20230530163222.0211028s2013 xx 000 0 und d cAIMIT LIBRARY aeng aMonteiro, Amanda Lourdes; Rajamani, Kavitha.e111902 aKavitha Rajamani aGRC intelligence. aMangalorec2013